| 000 | 00501nam a22001932 4500 | ||
|---|---|---|---|
| 001 | 0000005870 | ||
| 005 | 20151217155212.0 | ||
| 008 | 070725s xx 000 0 eng d | ||
| 020 |
_a0552154016 : _cGBP 6.99 |
||
| 040 |
_aKABU _cKABU |
||
| 050 | 0 |
_aPS3552 _b.R69D38 |
|
| 100 | 1 |
_aBrown, Dan. _@0000157130 |
|
| 245 | 1 | 4 | _aThe DaVinci code. |
| 260 |
_aLondon : _bTransworld, _c2003. |
||
| 300 | _a604 p. | ||
| 908 | _a070725 | ||
| 950 | _@1 | ||
| 999 |
_c11961 _d11961 |
||